Bonsai : (Record no. 16002)
[ view plain ]
| 000 -LEADER | |
|---|---|
| fixed length control field | 01437nam a2200313 a 4500 |
| 005 - DATE AND TIME OF LATEST TRANSACTION | |
| control field | 19970625072830.5 |
| 008 - FIXED-LENGTH DATA ELEMENTS--GENERAL INFORMATION | |
| fixed length control field | 970401s1997 caua 001 0 eng |
| 010 ## - LCCN (DPL NO) | |
| LC control number | B-317048 |
| 020 ## - INTERNATIONAL STANDARD BOOK NUMBER | |
| International Standard Book Number | 0753704951 |
| Terms of availability | ₤ 5.99 474.40 |
| 020 ## - INTERNATIONAL STANDARD BOOK NUMBER | |
| International Standard Book Number | 9780753704950 |
| Terms of availability | ₤ 5.99 474.40 |
| 035 ## - SYSTEM CONTROL NUMBER | |
| System control number | B-317048 |
| 035 ## - SYSTEM CONTROL NUMBER | |
| System control number | B-368653 |
| 037 ## - SOURCE OF ACQUISITION | |
| Source of stock number/acquisition | UBH77 |
| 037 ## - SOURCE OF ACQUISITION | |
| Source of stock number/acquisition | Pansy Books |
| 040 ## - CATALOGING SOURCE | |
| Original cataloging agency | dpl |
| Language of cataloging | English |
| 082 ## - DEWEY DECIMAL CLASSIFICATION NUMBER | |
| Classification number | 635.9772 |
| 100 ## - MAIN ENTRY--PERSONAL NAME | |
| Personal name | Lewis, Colin |
| 245 ## - TITLE STATEMENT | |
| Title | Bonsai : |
| Remainder of title | a care manual / |
| Statement of responsibility, etc | by Colin Lewis. |
| 260 ## - PUBLICATION, DISTRIBUTION, ETC. (IMPRINT) | |
| Place of publication, distribution, etc | London |
| Name of publisher, distributor, etc | Chancellor Press |
| Date of publication, distribution, etc | 2003(repr.). |
| 270 ## - ADDRESS | |
| Address | 2-4 Heron Quays |
| City | London |
| Postal code | E14 4JP |
| 300 ## - PHYSICAL DESCRIPTION | |
| Extent | 128 p. : |
| Other physical details | col. photos |
| Dimensions | 29 cm. (Hb) |
| 500 ## - GENERAL NOTE | |
| General note | Includes index |
| 650 ## - SUBJECT ADDED ENTRY--TOPICAL TERM | |
| Topical term or geographic name as entry element | Bonsai. |
| 942 ## - ADDED ENTRY ELEMENTS (KOHA) | |
| Source of classification or shelving scheme | Dewey Decimal Classification |
| Item type | English Books |
| Classification part | 635.9772 |
| Call number suffix | LEW |
| Withdrawn status | Lost status | Source of classification or shelving scheme | Damaged status | Not for loan | Collection code | Home library | Current library | Date acquired | Source of acquisition | Cost, normal purchase price | Total Checkouts | Full call number | Barcode | Date last seen | Copy number | Cost, replacement price | Koha item type |
|---|---|---|---|---|---|---|---|---|---|---|---|---|---|---|---|---|---|
| Dewey Decimal Classification | Non-fiction | Andrews Gunj | Andrews Gunj | 21/05/2009 | UBH/282/29.12.08/267/12.12.08/12.2.09 | 474.40 | 635.9772 LEW | B-317048 | 21/05/2009 | 1 | 474.40 | English Books | |||||
| Written-off vide DLB M. No. 383 dt 16.05.19 | Dewey Decimal Classification | Non-fiction | Patel Nagar | Patel Nagar | 07/05/2010 | Pansy Books/973/27.1.10/3095/22.1.10/28.1.10 | 195.00 | 635.9772 LEW | B-368653 | 07/05/2010 | 1 | 195.00 | English Books |
